Harry Styles - Carla’s Song - All lyrics - Statistics

General Stats
  • This quiz has been taken 32 times
  • The average score is 373 of 443
Answer Stats
Answer % Correct
I
100%
you
100%
you)
100%
a
95%
it
95%
know,
95%
know
95%
the
95%
what
95%
your
95%
Can
90%
can
90%
for
90%
all
85%
hear
85%
it's
85%
It's
85%
(It's
85%
like
85%
like,
85%
There
85%
there
85%
don't,
80%
is
80%
really
80%
to
80%
waiting
80%
waiting)
80%
If
75%
leads
75%
that
75%
then
75%
water
75%
anytime
65%
bridge
65%
troubled
65%
in
60%
Delivering
55%
From
55%
mind
55%
news?
55%
read
55%
voice
55%
baby
50%
eyes,
50%
eyes
50%
head
50%
toes
50%
you'll
50%
You've
50%
and
45%
bar
45%
candy
45%
discover
45%
on
45%
wanna
45%
been
40%
Call
40%
heavenly
40%
light
40%
sleeping
40%
melodies
35%
tide
35%
upon
35%
Through
30%
awe,
25%
gold
25%
open
25%
Saw
25%
summer
25%
changing
20%
Till
20%
Ignorance
10%
innocence
10%
or
10%
No matching quizzes found
Score Distribution
Percent of People with Each Score
Percentile by Number Answered
Your Score History
You have not taken this quiz